Statistiques concernant Prénoms de stars - Série 12

Cliquez ici pour prendre le quiz!

Statistiques générales

  • Ce quiz a été pris 129 fois
  • Le résultat moyen est 7 sur 10

Statistiques - réponses

Nom Prénom % Correct
GallFrance
99%
PiafEdith
99%
GoyaChantal
93%
HardyFrançoise
87%
BadiChimène
85%
LeroyNolwenn
75%
FregeElodie
71%
LaraCatherine
60%
DonaAlice
36%
FontaineBrigitte
35%

Distribution des résultats

Percentile par nombre de réponses

% des personnes avec chaque résultat

Votre développement - résultats

Vous n’avez pas pris ce quiz